|
|
|
|
| LEADER |
00000nas a2200000 a 4500 |
| 001 |
ssj0000396141 |
| 003 |
WaSeSS |
| 005 |
20200512172242.0 |
| 006 |
m d |
| 007 |
cr n |
| 008 |
101029c20109999bl fr p s | 0por c |
| 010 |
|
|
|a 2010228528
|
| 022 |
|
|
|a 2177-5133
|l 2176-9079
|
| 035 |
|
|
|a (WaSeSS)ssj0000396141
|
| 040 |
|
|
|a CUV
|b eng
|c CUV
|d CUS
|d OCLCF
|d OCLCO
|d OCLCQ
|d HTM
|d OCLCQ
|d AU@
|d OCLCQ
|d VT2
|d OCLCQ
|d WaSeSS
|
| 042 |
|
|
|a pcc
|
| 050 |
1 |
4 |
|a S15
|
| 210 |
0 |
|
|a Comun. Sci.
|b (Online)
|
| 222 |
|
0 |
|a Comunicata Scientiae
|b (Online)
|
| 245 |
0 |
0 |
|a Comunicata scientiae
|h [electronic resource].
|
| 260 |
|
|
|a Bom Jesus, Brazil :
|b Federal University of Piauí,
|c 2010-
|
| 310 |
|
|
|a Semiannual
|
| 362 |
1 |
|
|a Began with vol. 1, no. 1 (2010).
|
| 506 |
|
|
|a License restrictions may limit access.
|
| 538 |
|
|
|a Mode of access: World Wide Web.
|
| 588 |
|
|
|a Description based on first issue; title from homepage (viewed on Oct. 29, 2010).
|
| 588 |
|
|
|a Latest issue consulted: Vol. 1, no. 1 (2010).
|
| 650 |
|
0 |
|a Agriculture
|x Research
|v Periodicals.
|
| 650 |
|
0 |
|a Environmental sciences
|v Periodicals.
|
| 650 |
|
7 |
|a Agriculture
|x Research.
|2 fast
|0 (OCoLC)fst00801593
|
| 650 |
|
7 |
|a Environmental sciences.
|2 fast
|0 (OCoLC)fst00913474
|
| 655 |
|
0 |
|a Electronic journals.
|
| 710 |
2 |
|
|a Universidade Federal do Piauí.
|
| 856 |
4 |
0 |
|z Full text available from Research Library: 01/01/2010 to present
|u https://search.proquest.com/publication/286205
|